| 000 | 00480nam a2200181Ia 4500 | ||
|---|---|---|---|
| 001 | 11684 | ||
| 005 | 20260306162846.0 | ||
| 008 | 260306t2008||||xx |||||||||||||| ||spa|| | ||
| 041 | _aESP | ||
| 082 |
_a987.04 _bV71 |
||
| 100 |
_aVinke, Ramón _eAUT |
||
| 245 | 0 |
_aEl voto del General José Félix Ribas a la Inmaculada Concepción: _bla devoción del Libertador a la Virgen |
|
| 260 | _c2008 | ||
| 300 |
_a _c |
||
| 650 | _aGEN | ||
| 654 | _aCHU | ||
| 942 |
_cLIB _dJUS _fJUS _2ddc _n |
||
| 999 |
_c11684 _d11684 |
||